000 01178nam a22002417a 4500
005 20250827062520.0
008 240902b ||||| |||| 00| 0 eng d
082 _aDPer 796.07 J826 July-October 2019 January-April 2020 v. 38, 39 n. 3-4, 1-2
100 _aKwon, Ja Youn.
_eauthor.
_959754
245 _aComprehensive school physical activity programs preparation in physical education teacher education programs /
_cKwon Ja Youn, Pamela H. Kulinna, Hans van der Mars, Audrey Amrein-Beardsley, and Mirka Koro-Ljungberg.
260 _aChampaign, Illinois ;
_bHuman Kinetics, Inc. ,
_cJuly 2019.
300 _aVolume 38, pages 271-276 :
_billustration ;
_c28 cm.
500 _aJournal of Teaching in Physical Education, vol. 38, no. 3, pages 271-276, July 2019.
650 0 _aExperiential learning.
_967054
650 0 _aPhysical activity.
_951436
650 0 _aProgram effectiveness.
_964954
700 _aKwon, Ja Youn.
_eauthor.
_959754
700 _aKulinna, Pamela H.
_eauthor.
_959755
700 _aMars, Hans van der.
_eauthor.
_959756
700 _aAmrein-Beardsley, Audrey.
_eauthor.
_959757
700 _aKoro-Ljungberg, Mirka.
_eauthor.
_959758
942 _2ddc
_cPER
999 _c21163
_d21163